000 02063cam a22004814i 4500
003 PE-LiUPU
005 20250731172925.0
008 170508s1953 Miu r 000 0 spa d
035 _a(Sirsi) a203900
040 _aPE-LiUPU
040 _aPE-LiUPU
_bspa
_cPE-LiUPU
_erda
049 _aPRUA
082 0 4 _a227.4
_bR55
_220
100 1 _aRidderbos, Herman N.,
_eautor.
245 1 4 _aThe espistle of Paul to the churches of Galatia :
_bthe English text with introduction, exposition and notes /
_cHerman N. Ridderbos.
264 1 _aGrand Rapids Michigan :
_bW.B. Eerdmans,
_c1953.
300 _a238 pages ;
_c23 centimeters.
336 _atext
_2rdacontent
337 _aunmediated
_2rdamedia
338 _avolume
_2rdacarrier
490 0 _aThe new international commentary of the New Testament.
504 _aIndex : page 233.
505 0 _aThe relationship between Paul and the Galatians according to the Data of the Epistle -- Occasion and purpose -- Content and Character -- The churches that are being addressed -- The date -- Authenticity -- Paul´s defense of his Apostolic qualifications -- The gospel of justification by faith alone maintained over against the judaizer's challenge -- The new life through the holy spirit.
526 _aSEG42
526 _aSEG41
526 _aSEG40
526 _aSEG39
526 _aP94
526 _aP87
526 _aP86
526 _aP85
526 _aP77
526 _aP76
526 _aP35
650 0 4 _aBiblia
_bGalatas
_vComentarios.
910 _ajck
_bncf
_cncf
_d20170508
942 _2ddc
_cBOOK
949 _a227.4 R55
_wDEWEY
_c1
_i75752
_lCCODEBUL1
_mBUL
_p12.59
_r0
_sY
_tBOOK
_u2017-05-08
_xPOSGRADO
_zMA.TEOLOGIA
_0DONACION
_o.STAFF. Colección Teologia
994 _aC0
_bPEPRU
596 _a1
999 _a227.4 R55
_wDEWEY
_c20279
_i75752
_f2021-11-9
_g4
_lCCODEBUL1
_mBUL
_p12.59
_r0
_sY
_tBOOK
_u2017-5-8
_xTEOLOGIA
_PP85
_0COMPRA
_o.STAFF. Colección Teologia
_d20279
980 _81
_gALBERTO SANCHEZ Responsable de Automatización